Small Scale Enterprises : Towards Industrialisation (Record no. 478126)

MARC details
000 -LEADER
fixed length control field 00697nam a2200205Ia 4500
008 - FIXED-LENGTH DATA ELEMENTS--GENERAL INFORMATION
fixed length control field 100315s9999 xx 000 0 und d
040 ## - CATALOGING SOURCE
Transcribing agency ENGLISH 
082 ## - DEWEY DECIMAL CLASSIFICATION NUMBER
Item number 3391 
Classification number 338.642 
100 ## - MAIN ENTRY--PERSONAL NAME
Personal name "Desai, Vasant "
245 ## - TITLE STATEMENT
Title Small Scale Enterprises : Towards Industrialisation
260 ## - PUBLICATION, DISTRIBUTION, ETC. (IMPRINT)
Place of publication, distribution, etc Mumbai 
Name of publisher, distributor, etc Himalaya Publishing House  
Date of publication, distribution, etc 1999 
300 ## - PHYSICAL DESCRIPTION
Extent 389p. 
365 ## - TRADE PRICE
Price note Rupees 
Unit of pricing
Price amount 0.00 
366 ## - TRADE AVAILABILITY INFORMATION
Publishers' discount category
505 ## - FORMATTED CONTENTS NOTE
Miscellaneous information Tushar Jadhav 
620 ## -
-- "The Dispensers of indian Industrial Destiny, India's Business Families "
630 ## - SUBJECT ADDED ENTRY--UNIFORM TITLE
Uniform title Small Scale Enterprises : Towards Industrialisation
730 ## - ADDED ENTRY--UNIFORM TITLE
Uniform title Small Scale Enterprises : Towards Industrialisation
942 ## - ADDED ENTRY ELEMENTS (KOHA)
Koha item type Book
Holdings
Withdrawn status Lost status Damaged status Not for loan Home library Current library Date acquired Cost, normal purchase price Total Checkouts Full call number Barcode Date last seen Price effective from Koha item type
        Dr. V. N. Bedekar Institute of Management Studies Library Dr. V. N. Bedekar Institute of Management Studies Library 12/02/2005 0.00   338.642 /DES  3391  VPMBRIMS-3391  03/19/2010 03/19/2010 Book